Statistics for Singapore Trivia Quiz

Click here to take the quiz!

General Stats

  • This quiz has been taken 225 times
  • The average score is 8 of 15

Answer Stats

QuestionAnswer% Correct
Name of the statue that spits out waterMerlion
88%
Founder of Singapore in 1819?Stamford Raffles
88%
What does 'Singapura' meanLion City
83%
Name of Singapore's cocktailSingapore Sling
76%
Most common surname in Singapore?Tan
72%
Name of the largest ferris wheel in the world Singapore Flyer
67%
Singapore's first olympic gold medallist goes to?Joseph Schooling
65%
Sngapore's national flowerOrchid
62%
Highest natural point in Singapore?Bukit Timah Hill
55%
First president of Singapore?Yusof Bin Ishak
47%
Which was the first MRT station built?Toa Payoh
42%
Where is the largest fountain in the world?Suntec City
23%
Where does Singapore's trash go?Semakau Island
18%
Name of the largest dome in the worldNational Stadium
15%
Singapore has the biggest ______ bottles in Southeast AsiaYakult
9%

Score Distribution

Percentile by Number Answered

Percent of People with Each Score

Your Score History

You have not taken this quiz